[Event "Druzynowe Mistrzostwa Polski - II liga"]
[Site "Dom Wczasowy VIS Jastrzebia Gora"]
[Date "1899-12-30"]
[Round "1.30"]
[White "Pisarek, Elzbieta"]
[Black "Stebel, Agata"]
[Result "0-1"]
[WhiteTitle "I++"]
[BlackTitle "k"]
[WhiteElo "1788"]
[BlackElo "1885"]

1. e4 d6 2. d4 Nf6 3. Nc3 e5 4. dxe5 dxe5 5. Qxd8+ Kxd8 6. f4 Nbd7 7. Nf3 Bd6 8.
fxe5 Nxe5 9. Bg5 Nxf3+ 10. gxf3 c6 11. O-O-O Kc7 12. Bc4 Nd7 13. Bb3 f6 14. Bh4
Bf4+ 15. Kb1 Ne5 16. Ne2 Nxf3 17. Bxf6 Bh6 18. Bc3 Bh3 19. Rd3 Bg2 20. Rhd1 Rad8
21. Rxd8 Rxd8 22. Rxd8 Kxd8 23. Ng3 Nxh2 24. e5 Bh3 25. Ne4 Nf3 26. Bg8 Bf4 27.
e6 Bf5 28. Nc5 b6 29. Nd3 Bh6 30. Nb4 Be4 31. Nd3 Ke7 32. Ne5 Ng5 33. Ng4 Bf5
34. Nxh6 gxh6 35. Bd2 Bxe6 36. Bxg5+ hxg5 37. Bxh7 Kf6 38. Bd3 Ke5 39. a3 Kf4
40. Kc1 Ke3 41. Kd1 Kf2 42. Be4 Bd7 43. Kd2 g4 44. Kd3 g3 45. Kd4 Bg4 46. Kd3
Bd7 47. Kd4 Bg4 0-1

[Event "Druzynowe Mistrzostwa Polski - II liga"]
[Site "Dom Wczasowy VIS Jastrzebia Gora"]
[Date "1899-12-30"]
[Round "1.31"]
[White "Stachowiak, Kamil"]
[Black "Golenia, Wojciech"]
[Result "1-0"]
[WhiteTitle "IM"]
[BlackTitle "k+"]
[WhiteElo "2476"]
[BlackElo "2175"]

1. d4 Nf6 2. Nf3 e6 3. c4 b6 4. g3 Bb7 5. Bg2 Be7 6. O-O O-O 7. Nc3 Ne4 8. Bd2
d5 9. cxd5 exd5 10. Be1 Nd7 11. Rc1 Rc8 12. Bh3 Nxc3 13. Bxc3 Ra8 14. Qa4 Nf6
15. Bb4 Ne4 16. Bxe7 Qxe7 17. Rc2 c5 18. dxc5 Nxc5 19. Qa3 d4 20. Bg2 a5 21. Rd2
b5 22. Nxd4 b4 23. Qe3 Qxe3 24. fxe3 Bxg2 25. Kxg2 Rfe8 26. Rf5 Ne4 27. Rc2 g6
28. Rb5 Nf6 29. Kf3 Re7 30. Nc6 Rc7 31. Nxb4 Rd7 32. Nc6 Rc7 33. Rcc5 a4 34. Nd4
Re7 35. Re5 Rea7 36. a3 Kg7 37. g4 h5 38. h3 Nd7 39. Red5 Nf6 40. Rd6 hxg4+ 41.
hxg4 Re8 42. Rc6 Ne4 43. Nc2 Nd2+ 44. Kg2 Ne4 45. Rb4 Ra5 46. Rcc4 Nd2 47. Rd4
Nb3 48. Rf4 Nc5 49. Rfc4 Kf6 50. Nd4 Rc8 51. Rb6+ Kg5 52. b4 axb3 53. Nxb3 Rxa3
54. Nxc5 Kh6 55. Kf3 Ra7 56. g5+ Kh5 57. Rb1 Ra5 58. Kf4 Ra4 59. Rh1# 1-0

[Event "Druzynowe Mistrzostwa Polski - II liga"]
[Site "Dom Wczasowy VIS Jastrzebia Gora"]
[Date "1899-12-30"]
[Round "1.32"]
[White "Golenia, Jan"]
[Black "Luberanski, Jakub"]
[Result "1/2-1/2"]
[WhiteTitle "k"]
[BlackTitle "FM"]
[WhiteElo "2113"]
[BlackElo "2211"]

1. d4 Nf6 2. c4 e6 3. Nf3 d5 4. g3 dxc4 5. Bg2 a6 6. O-O Nc6 7. Qc2 Nxd4 8. Nxd4
Qxd4 9. Rd1 Qa7 10. b4 Ng4 11. e3 Bd6 12. Qxc4 Ne5 13. Qb3 O-O 14. Bb2 b5 15.
Bd4 Qb8 16. Qc3 f6 17. Nd2 Bb7 18. Ne4 Nc4 19. a4 Be7 20. axb5 axb5 21. Rxa8 Bxa8
22. Ra1 Bd5 23. Bc5 Qe8 24. Ra7 Bxc5 25. Nxc5 Bxg2 26. Kxg2 Qc6+ 27. e4 Rd8 28.
Qa1 e5 29. Qa6 Qxa6 30. Nxa6 c6 31. Rc7 Rd4 32. Nc5 Rd6 33. Nb7 Rd4 34. Nc5 Rd6
35. Nb7 Rd4 1/2-1/2

[Event "Druzynowe Mistrzostwa Polski - II liga"]
[Site "Dom Wczasowy VIS Jastrzebia Gora"]
[Date "1899-12-30"]
[Round "1.33"]
[White "Perdek, Miroslaw"]
[Black "Krawczyk, Wojciech"]
[Result "0-1"]
[WhiteTitle "FM"]
[BlackTitle "I++"]
[WhiteElo "2214"]
[BlackElo "1973"]

1. e4 c6 2. d4 d5 3. Nc3 dxe4 4. Nxe4 Bf5 5. Ng3 Bg6 6. h4 h6 7. Nf3 Nd7 8. h5
Bh7 9. Bd3 Bxd3 10. Qxd3 e6 11. Bd2 Ngf6 12. O-O-O Bd6 13. Ne4 Nxe4 14. Qxe4 Nf6
15. Qe2 Qc7 16. g3 O-O-O 17. Kb1 Rhe8 18. c4 e5 19. c5 Bf8 20. dxe5 Qd7 21. Ba5
Qf5+ 22. Ka1 Rxd1+ 23. Qxd1 Ne4 24. Rh4 Nxf2 25. Qe2 Qd3 26. Qxd3 Nxd3 27. Rd4
Nxc5 28. Rf4 Re7 29. Bb4 Rd7 30. Kb1 Ne6 31. Bxf8 Nxf8 32. Kc2 Ne6 33. Re4 Kd8
34. Nh4 Ke8 35. Nf5 Kf8 36. Kc3 Rd5 37. Re2 Nc5 38. b4 Nd7 39. Nd6 b6 40. Nxf7
Kxf7 41. e6+ Ke7 42. exd7+ Kxd7 43. g4 Rd1 44. Rf2 Ke6 45. Re2+ Kd6 46. Re8 Rg1
47. Ra8 Rg3+ 48. Kc2 Rxg4 49. Rxa7 b5 50. a4 Rxb4 51. axb5 Rxb5 0-1

[Event "Druzynowe Mistrzostwa Polski - II liga"]
[Site "Dom Wczasowy VIS Jastrzebia Gora"]
[Date "1899-12-30"]
[Round "1.34"]
[White "Cichon, Jakub"]
[Black "Madej, Marek"]
[Result "0-1"]
[WhiteTitle "I+"]
[BlackTitle "I++"]
[WhiteElo "1940"]
[BlackElo "2035"]

1. e4 c6 2. d4 d5 3. Nc3 dxe4 4. Nxe4 Nf6 5. Nxf6+ exf6 6. c3 Bd6 7. Bd3 O-O 8.
Qc2 Re8+ 9. Ne2 h5 10. Be3 Nd7 11. Ng3 Bf4 12. O-O-O Bxe3+ 13. fxe3 Rxe3 14. Nf5
Re8 15. Bc4 Nf8 16. d5 Bxf5 17. Qxf5 Re5 18. Qf3 cxd5 19. Rxd5 Qc7 20. Rxe5 fxe5
21. Bd5 Re8 22. Bxb7 Nh7 23. Be4 Nf6 24. Re1 Qc4 25. b3 Qc5 26. Kb2 a5 27. a4
Qb6 28. h3 Rb8 29. Bc2 e4 30. Qe3 Qc6 31. Qd4 Re8 32. g4 Qc7 33. gxh5 Rd8 34.
Qf2 Nd5 0-1

[Event "Druzynowe Mistrzostwa Polski - II liga"]
[Site "Dom Wczasowy VIS Jastrzebia Gora"]
[Date "1899-12-30"]
[Round "1.35"]
[White "Topola, Rafal"]
[Black "Cichon, Bartlomiej"]
[Result "1-0"]
[WhiteTitle "I"]
[BlackTitle "I"]
[WhiteElo "2006"]
[BlackElo "1984"]

1. e4 c5 2. Nf3 d6 3. d4 cxd4 4. Nxd4 Nf6 5. Nc3 a6 6. Be3 e5 7. Nb3 Be7 8. Qd2
Be6 9. O-O-O Nbd7 10. f4 b5 11. f5 Bc4 12. Kb1 Rc8 13. Bd3 Nb6 14. Qe2 h5 15.
h3 h4 16. Nd2 Bxd3 17. Qxd3 Nc4 18. Bg5 Rc6 19. Bxf6 Bxf6 20. Nd5 Be7 21. Nxc4
Rxc4 22. b3 Rc6 23. Rhf1 Rh6 24. Qe2 f6 25. Rd3 Qc8 26. Rfd1 Bf8 27. Ne3 Qb7 28.
Rd5 Kf7 29. c4 b4 30. c5 Rxc5 31. Rxc5 dxc5 32. Qc4+ Ke8 33. Qe6+ Be7 34. Rd5
Kf8 35. Rd7 Qxe4+ 36. Nc2 Qxg2 37. Rxe7 1-0

[Event "Druzynowe Mistrzostwa Polski - II liga"]
[Site "Dom Wczasowy VIS Jastrzebia Gora"]
[Date "1899-12-30"]
[Round "1.36"]
[White "Czarnecka, Lidia"]
[Black "Smietanska, Wiktoria"]
[Result "0-1"]
[WhiteTitle "k"]
[BlackTitle "CM"]
[WhiteElo "1957"]
[BlackElo "1851"]

1. e4 c6 2. d4 d5 3. Nc3 dxe4 4. Nxe4 Nd7 5. Ng5 Ngf6 6. Bc4 e6 7. Ne2 h6 8. Nf3
c5 9. O-O Be7 10. c3 O-O 11. Bf4 b6 12. Ne5 Bb7 13. Qa4 Nxe5 14. dxe5 Nd5 15.
Bg3 Qc7 16. Bd3 Rfd8 17. Rad1 a6 18. Qg4 b5 19. h4 Nb6 20. Nf4 Qc6 21. Rfe1 Na4
22. Be4 Qc7 23. Bc2 Qc6 24. Be4 Qb6 25. Nh5 Bf8 26. Bxb7 Qxb7 27. Bf4 Kh8 28.
Bc1 c4 29. Nf4 Qc7 30. Qf3 Bc5 31. Nh5 Rab8 32. Bxh6 Bf8 33. Bc1 Nc5 34. Nf4 Rxd1
35. Qxd1 Rd8 36. Qe2 Nd3 37. Nxd3 cxd3 38. Qh5+ Kg8 39. Bd2 Qa5 40. Qg5 Rd7 41.
Ra1 Qa4 42. b3 Qa3 43. Bc1 Qc5 44. Bb2 Be7 45. Qf4 Rd5 46. Re1 Bd8 47. g3 Bc7
48. c4 Rd7 49. Bc3 Bb6 50. Rf1 Rc7 51. Rd1 Rd7 52. Rd2 Qa3 53. Kg2 Qc1 54. Bb4
Rd4 55. Qf3 bxc4 56. bxc4 Rxc4 57. a3 Rxb4 58. Rd1 Qxa3 59. Rxd3 Qb2 60. Rd7 f6
61. Rxg7+ Kxg7 62. Qxf6+ Kg8 63. Qxe6+ Kf8 64. Qf6+ Ke8 65. Qc6+ Kd8 66. Qd6+
Kc8 67. Qe6+ Kb8 68. Qg8+ Kc7 69. Qf7+ Kc6 70. Qe8+ Kd5 0-1

[Event "Druzynowe Mistrzostwa Polski - II liga"]
[Site "Dom Wczasowy VIS Jastrzebia Gora"]
[Date "1899-12-30"]
[Round "1.37"]
[White "Cichy, Kamil"]
[Black "Malek, Jan"]
[Result "0-1"]
[WhiteTitle "k+"]
[BlackTitle "m"]
[WhiteElo "2195"]
[BlackElo "2339"]

1. e4 c5 2. Nf3 d6 3. Bb5+ Bd7 4. Bxd7+ Qxd7 5. O-O Nf6 6. Qe2 Nc6 7. c3 e5 8.
h3 g6 9. d4 cxd4 10. cxd4 exd4 11. Rd1 Bg7 12. Nxd4 O-O 13. Nb5 Rfe8 14. N1c3
Re6 15. Bf4 Ne8 16. Qd2 a6 17. Nxd6 Nxd6 18. Bxd6 Bxc3 19. bxc3 Rd8 20. Bf4 Qxd2
21. Rxd2 Rxe4 22. Rxd8+ Nxd8 23. Rd1 Ne6 24. Be3 Rc4 25. Rd3 b5 26. Kf1 Kf8 27.
Ke1 Ke7 28. Kd1 Rc6 29. Kc2 Rc4 30. Kb2 f5 31. Rd2 Rc6 32. a3 Rd6 33. Rxd6 Kxd6
34. Kb3 f4 35. Ba7 Kc6 36. Kb4 f3 37. gxf3 Ng5 38. Ka5 Kb7 39. Be3 Nxh3 40. Bh6
Nxf2 41. a4 bxa4 42. Kxa4 Nd3 43. Kb3 Ne5 44. f4 Nf7 45. Bf8 h5 46. Be7 Nh6 47.
Kc4 Nf5 48. Bc5 h4 49. Kd5 h3 50. Bg1 a5 51. Kc4 Nh4 52. Kd4 0-1

[Event "Druzynowe Mistrzostwa Polski - II liga"]
[Site "Dom Wczasowy VIS Jastrzebia Gora"]
[Date "1899-12-30"]
[Round "1.38"]
[White "Grabowski, Pawel"]
[Black "Wolynski, Krzysztof"]
[Result "0-1"]
[WhiteTitle "FM"]
[BlackTitle "k"]
[WhiteElo "2253"]
[BlackElo "2069"]

1. d4 Nf6 2. Nf3 e6 3. c4 Bb4+ 4. Nbd2 O-O 5. a3 Be7 6. b3 d5 7. e3 b6 8. Bb2 Bb7
9. Bd3 Nbd7 10. O-O c5 11. Qe2 Ne4 12. Rfd1 cxd4 13. exd4 Nxd2 14. Rxd2 Rc8 15.
Rc2 Bd6 16. Rac1 Bf4 17. Rd1 Bd6 18. Qe3 Qe7 19. a4 Rc7 20. a5 Rfc8 21. Rdc1 h6
22. axb6 axb6 23. Ne5 Nxe5 24. dxe5 Bc5 25. Qf4 dxc4 26. Bxc4 Ba3 27. Bxa3 Qxa3
28. h4 b5 29. Bd3 Rxc2 30. Rxc2 Qxb3 31. Rxc8+ Bxc8 32. Qd4 g6 33. Qd8+ Kg7 34.
Qf6+ Kg8 35. Qd8+ Kg7 36. Bxg6 Kxg6 37. Qxc8 Qd5 38. Qg8+ Kf5 39. Qxf7+ Kxe5 40.
Qg7+ Kd6 41. Qxh6 Kc6 42. Qf8 Qd1+ 43. Kh2 Qd6+ 44. Qxd6+ Kxd6 0-1

[Event "Druzynowe Mistrzostwa Polski - II liga"]
[Site "Dom Wczasowy VIS Jastrzebia Gora"]
[Date "1899-12-30"]
[Round "1.39"]
[White "Miszczak, Dariusz"]
[Black "Dlugosz, Jedrzej"]
[Result "1-0"]
[WhiteTitle "I+"]
[BlackTitle "m"]
[WhiteElo "1998"]
[BlackElo "2342"]

1. e4 c5 2. Nf3 e6 3. c4 a6 4. Nc3 b6 5. d4 cxd4 6. Nxd4 Bb7 7. Nc2 Qc7 8. Be3
d6 9. Be2 Nf6 10. f3 Be7 11. O-O O-O 12. Bf2 Nbd7 13. Rc1 Rac8 14. Ne3 Qb8 15.
Qd2 Bd8 16. g4 Ne5 17. b3 Ng6 18. Ng2 Bc7 19. g5 Nd7 20. h4 f5 21. exf5 Rxf5 22.
h5 Nge5 23. f4 Ba8 24. Nh4 Qb7 25. Kh2 Rcf8 26. Bg3 Nc5 27. Qe3 Ncd3 28. Rcd1
Nxf4 29. Rxf4 Rxf4 30. Bxf4 Rxf4 31. Qxf4 d5 32. Kh3 Nd3 33. Qe3 Nf4+ 34. Kg4
e5 35. Nxd5 Qc8+ 36. Nf5 Bxd5 37. cxd5 g6 38. hxg6 hxg6 39. Bd3 Nxd5 40. Bc4 gxf5+
41. Kh4 Kg7 42. Qf3 Nf4 43. Qc6 Qh8+ 44. Kg3 Qh3+ 45. Kf2 Qh2+ 46. Ke1 Ng2+ 47.
Kd2 Bd8 48. Qd7+ Kg6 49. Qxd8 1-0

[Event "Druzynowe Mistrzostwa Polski - II liga"]
[Site "Dom Wczasowy VIS Jastrzebia Gora"]
[Date "1899-12-30"]
[Round "1.40"]
[White "Okrucinski, Tadeusz"]
[Black "Malik, Maciej"]
[Result "1-0"]
[WhiteTitle "FM"]
[BlackTitle "I++"]
[WhiteElo "2182"]
[BlackElo "1961"]

1. d4 Nf6 2. c4 g6 3. Nc3 d6 4. Nf3 Bg7 5. g3 O-O 6. Bg2 Nc6 7. O-O e5 8. d5 Ne7
9. c5 e4 10. Ng5 dxc5 11. Ngxe4 Nfxd5 12. Nxd5 Nxd5 13. Bg5 f6 14. Qxd5+ Qxd5
15. Nxf6+ Bxf6 16. Bxd5+ Kg7 17. Bxf6+ Kxf6 18. Rac1 c6 19. Be4 Bh3 20. Rfd1 Rfd8
21. Rd3 Rd4 22. f3 Be6 23. a3 Rc4 24. Rxc4 Bxc4 25. Rd7 Rb8 26. Kf2 Bg8 27. h4
Bf7 28. g4 Ke6 29. Rc7 Bg8 30. Ke3 a5 31. h5 Kf6 32. hxg6 hxg6 33. f4 g5 34. Bf5
Bc4 35. Kf3 gxf4 36. Kxf4 Rg8 37. e4 Bf7 38. e5+ Kg7 39. e6 1-0

[Event "Druzynowe Mistrzostwa Polski - II liga"]
[Site "Dom Wczasowy VIS Jastrzebia Gora"]
[Date "1899-12-30"]
[Round "1.41"]
[White "Skwarczynski, Marcin"]
[Black "Kindler, Przemyslaw"]
[Result "0-1"]
[WhiteTitle "I"]
[BlackTitle "k"]
[WhiteElo "1895"]
[BlackElo "1969"]

1. d4 f5 2. c4 e6 3. Nc3 Nf6 4. Nf3 Be7 5. Qc2 b6 6. g3 Bb7 7. Bg2 Nc6 8. O-O O-O
9. Rd1 Nb4 10. Qb3 a5 11. a3 Na6 12. Qc2 Ne4 13. Be3 d6 14. Nd2 Nxc3 15. Qxc3
Bxg2 16. Kxg2 Bf6 17. Nf3 Nc5 18. Qc2 Ne4 19. Rac1 Qe8 20. Ng1 Qg6 21. f3 Ng5
22. b4 axb4 23. axb4 Ra3 24. Rd3 Rfa8 25. Rxa3 Rxa3 26. Bf2 Qe8 27. d5 Rc3 28.
Qd1 Rxc1 29. Qxc1 e5 30. h4 Nf7 31. c5 Qb5 32. cxd6 cxd6 33. Qc8+ Bd8 34. Qe6
g6 35. g4 fxg4 36. fxg4 Qxb4 37. Nf3 Qe4 38. Kf1 Kg7 39. Be1 b5 40. Bd2 Bxh4 41.
g5 Bg3 42. Ba5 Qe3 43. Qf6+ Kf8 44. Be1 Bxe1 45. Kxe1 Qc1+ 46. Kf2 Qc5+ 47. Ke1
Qxd5 48. Nd2 Qh1+ 0-1

[Event "Druzynowe Mistrzostwa Polski - II liga"]
[Site "Dom Wczasowy VIS Jastrzebia Gora"]
[Date "1899-12-30"]
[Round "1.42"]
[White "Wilk, Oktawia"]
[Black "Buchta, Agnieszka"]
[Result "1/2-1/2"]
[WhiteTitle "I++"]
[BlackTitle "k"]
[WhiteElo "1821"]
[BlackElo "1893"]

1. e4 c5 2. Nf3 e6 3. d4 cxd4 4. Nxd4 Nf6 5. Bd3 Nc6 6. Nxc6 bxc6 7. O-O d5 8.
exd5 cxd5 9. Re1 Be7 10. b3 O-O 11. Bb2 Qb6 12. Nd2 a5 13. Qe2 Ba6 14. Bxa6 Rxa6
15. c4 a4 16. cxd5 Nxd5 17. Nc4 Qb7 18. Qf3 Rb8 19. Be5 Rba8 20. Rab1 Qb5 21.
Qg3 Bf6 22. Bxf6 Nxf6 23. Ne5 h6 24. Qf3 axb3 25. axb3 Ra3 26. h3 Ra2 27. Nc4
Nd5 28. Rec1 Nb6 29. Qxf7+ Kxf7 30. Nd6+ Kf6 31. Nxb5 Nd5 32. Nc3 Nxc3 33. Rxc3
Rd2 34. Rf3+ Ke7 35. b4 Raa2 36. Rc1 Kd6 37. Rcc3 Rd1+ 38. Kh2 Rb2 39. Rb3 Rdd2
40. Kg3 e5 41. Rxb2 Rxb2 42. Rf7 Rb3+ 43. Kh2 Rxb4 44. Rxg7 h5 45. Rg5 h4 46.
Rg4 Rf4 47. f3 Kd5 48. Kg1 Kd4 49. Kf2 Kd3 50. Rg5 e4 51. Rd5+ Kc4 52. Ke3 Rf8
53. Kxe4 Re8+ 54. Re5 Rg8 1/2-1/2

[Event "Druzynowe Mistrzostwa Polski - II liga"]
[Site "Dom Wczasowy VIS Jastrzebia Gora"]
[Date "1899-12-30"]
[Round "1.43"]
[White "Gnojek, Petr"]
[Black "Jaskolka, Tomasz"]
[Result "1/2-1/2"]
[WhiteTitle "FM"]
[BlackTitle "CM"]
[WhiteElo "2335"]
[BlackElo "2213"]

1. d4 d5 2. c4 c6 3. Nf3 Nf6 4. Nc3 a6 5. c5 Bf5 6. Bf4 Nbd7 7. Rc1 e6 8. e3 Nh5
9. Be2 Be7 10. O-O Nxf4 11. exf4 Bf6 12. h3 Qc7 13. Ne5 g5 14. Bh5 Bg6 15. Nxd7
Kxd7 16. Bxg6 hxg6 17. fxg5 Bxg5 18. Na4 Rae8 19. Rc3 Rh4 20. Rf3 Ke7 21. Nc3
f5 22. Rg3 Bf4 23. Rd3 Bg5 24. Re1 Kf7 25. Qf3 Bf6 26. Red1 g5 27. Qg3 Qxg3 28.
fxg3 Rh7 29. Rf1 Kg6 30. Ne2 Bh8 31. Rdf3 Rf7 32. g4 Ref8 33. b4 fxg4 34. Rxf7
Rxf7 35. Rxf7 Kxf7 36. hxg4 e5 37. Kf2 exd4 38. Nc1 a5 39. bxa5 Be5 40. Nd3 Bc7
41. a6 bxa6 42. Nb4 d3 43. Nxc6 Bh2 44. Ke1 Bg1 45. Ne5+ Ke6 46. Nxd3 a5 47. Ke2
Bd4 48. a4 Kd7 49. Nc1 Bxc5 50. Nb3 Bb6 51. Kd3 Kd6 52. g3 Ke5 53. Nd2 Ke6 54.
Nb3 Kd6 55. Ke2 Ke5 56. Kd3 Kd6 57. Ke2 Ke5 1/2-1/2

[Event "Druzynowe Mistrzostwa Polski - II liga"]
[Site "Dom Wczasowy VIS Jastrzebia Gora"]
[Date "1899-12-30"]
[Round "1.44"]
[White "Pulik, Krzysztof"]
[Black "Paseka, Matyas"]
[Result "1/2-1/2"]
[WhiteTitle "k"]
[BlackTitle ""]
[WhiteElo "2046"]
[BlackElo "2244"]

1. e4 c5 2. c3 g6 3. d4 cxd4 4. cxd4 d5 5. e5 Nc6 6. Nc3 Bg7 7. h3 Nh6 8. g4 Be6
9. Be3 f6 10. f4 Nf7 11. Bg2 O-O 12. Nf3 Qd7 13. O-O Rad8 14. Ne2 f5 15. g5 Na5
16. b3 Rc8 17. Qd2 b6 18. Rfc1 Qb7 19. h4 Rfd8 20. h5 Bd7 21. Rxc8 Rxc8 22. Rc1
e6 23. hxg6 hxg6 24. Rxc8+ Qxc8 25. Qc1 Bf8 26. Bf1 Qxc1 27. Nxc1 Nd8 28. Bd2
Nac6 29. Nd3 a5 30. Kf2 Na7 31. Nfe1 Nb5 32. Nc2 Kf7 33. Ke3 Nb7 34. Nde1 Nc7
35. Bc3 Be8 36. Bb2 b5 37. a3 Na8 38. Nf3 Nb6 39. Nd2 Bc6 40. Bg2 a4 41. b4 Nd8
42. Bc1 Nc4+ 43. Nxc4 dxc4 44. d5 exd5 45. Nd4 Ke7 46. Nxc6+ Nxc6 47. Bxd5 Nd8
48. Bb2 Kd7 49. Bc3 Ne6 1/2-1/2

[Event "Druzynowe Mistrzostwa Polski - II liga"]
[Site "Dom Wczasowy VIS Jastrzebia Gora"]
[Date "1899-12-30"]
[Round "1.45"]
[White "Denderski, Piotr"]
[Black "Wozniak, Maciej"]
[Result "1-0"]
[WhiteTitle "k"]
[BlackTitle "k"]
[WhiteElo "2246"]
[BlackElo "2022"]

1. d4 d5 2. c4 c6 3. Nf3 Nf6 4. e3 Bf5 5. Nc3 e6 6. Qb3 Qb6 7. c5 Qc7 8. Qa4 h6
9. b4 Nbd7 10. b5 Be7 11. Be2 O-O 12. O-O Bh7 13. Nd2 e5 14. Nb3 Ne8 15. bxc6
bxc6 16. Na5 Bc2 17. Qxc6 Qxa5 18. Nxd5 Rd8 19. Nxe7+ Kh8 20. Qb5 Qxb5 21. Bxb5
Nc7 22. Bc4 Be4 23. f3 Ba8 24. Ba3 Rfe8 25. c6 1-0

[Event "Druzynowe Mistrzostwa Polski - II liga"]
[Site "Dom Wczasowy VIS Jastrzebia Gora"]
[Date "1899-12-30"]
[Round "1.46"]
[White "Wozny, Tomasz"]
[Black "Kaliszuk, Kamil"]
[Result "0-1"]
[WhiteTitle "I"]
[BlackTitle "k"]
[WhiteElo "1761"]
[BlackElo "2067"]

1. d4 d5 2. Nf3 Nf6 3. c4 e6 4. g3 Bb4+ 5. Bd2 Bd6 6. c5 Be7 7. b4 Ne4 8. Nc3 f5
9. e3 Nd7 10. Bg2 O-O 11. h4 Bf6 12. Qb3 c6 13. Nxe4 fxe4 14. Ng1 b6 15. Rc1 Ba6
16. Ne2 bxc5 17. dxc5 Bxe2 18. Kxe2 Ne5 19. Rhf1 Qe8 20. Bc3 Qh5+ 21. Kd2 Nd3
22. Qd1 Bxc3+ 23. Rxc3 Qxd1+ 0-1

[Event "Druzynowe Mistrzostwa Polski - II liga"]
[Site "Dom Wczasowy VIS Jastrzebia Gora"]
[Date "1899-12-30"]
[Round "1.47"]
[White "Bednarski, Dawid"]
[Black "Wozniak, Marcin"]
[Result "0-1"]
[WhiteTitle "I+"]
[BlackTitle "I++"]
[WhiteElo "1989"]
[BlackElo "1821"]

1. e4 e5 2. Nf3 Nc6 3. Bc4 Nf6 4. d3 Bc5 5. O-O d6 6. c3 a6 7. h3 Ba7 8. Be3 h6
9. Bxa7 Rxa7 10. Re1 g5 11. Nh2 h5 12. Nd2 Rg8 13. Ndf1 Ne7 14. d4 Ng6 15. dxe5
Nxe5 16. Bb3 Ra8 17. Ne3 g4 18. hxg4 hxg4 19. g3 Rh8 20. Nc4 Nfd7 21. Nxg4 Nxg4
22. Qxg4 Ne5 23. Qg7 Nf3+ 24. Kg2 Nxe1+ 25. Rxe1 Rf8 26. Ne3 Be6 27. Nd5 Bxd5
28. exd5+ Kd7 29. a4 Kc8 30. Bc2 Kb8 31. Bf5 Re8 32. Rh1 Qe7 33. Rh7 Rf8 34. Bg6
Ka7 35. Bxf7 Qe4+ 36. Kh2 Qxa4 37. f3 Qc2+ 38. Kh3 Qxb2 39. Bh5 Qb6 40. Qxc7 Qxc7
41. Rxc7 a5 42. f4 a4 43. Re7 a3 44. Re2 Kb6 45. Ra2 Kc5 46. Be2 Rfe8 47. Bd1
Re1 48. Bc2 Re2 49. Bb3 Rb2 0-1

[Event "Druzynowe Mistrzostwa Polski - II liga"]
[Site "Dom Wczasowy VIS Jastrzebia Gora"]
[Date "1899-12-30"]
[Round "1.48"]
[White "Trybowska, Barbara"]
[Black "Orlik, Sandra"]
[Result "1-0"]
[WhiteTitle "I++"]
[BlackTitle "I++"]
[WhiteElo "1848"]
[BlackElo "1840"]

1. d4 Nf6 2. c4 e6 3. g3 Bb4+ 4. Nd2 Nc6 5. a3 Bxd2+ 6. Qxd2 Ne4 7. Qd3 d5 8. Bg2
Qf6 9. Be3 Qg6 10. Nh3 Nf6 11. Qb3 Ne7 12. Nf4 Qf5 13. Bh3 dxc4 14. Qxc4 Qa5+
15. b4 Qa4 16. Bg2 c6 17. Nd3 Nfd5 18. Bd2 O-O 19. O-O b6 20. Qc1 Bd7 21. Re1
Rfd8 22. e4 Nc7 23. Bf1 Qa6 24. Bf4 Ne8 25. Nc5 1-0

[Event "Druzynowe Mistrzostwa Polski - II liga"]
[Site "Dom Wczasowy VIS Jastrzebia Gora"]
[Date "1899-12-30"]
[Round "1.49"]
[White "Putlak, Wojciech"]
[Black "Rudnicki, Milosz"]
[Result "1/2-1/2"]
[WhiteTitle "I++"]
[BlackTitle "k"]
[WhiteElo "1994"]
[BlackElo "2200"]

1. e4 c5 2. Nf3 d6 3. d4 cxd4 4. Nxd4 Nf6 5. Nc3 a6 6. Bg5 e6 7. f4 Be7 8. Qf3
Qc7 9. Bd3 Nbd7 10. O-O-O h6 11. Bh4 g5 12. fxg5 Ne5 13. Qe2 Nfg4 14. Kb1 hxg5
15. Bg3 Bd7 16. h3 Nf6 17. Rhf1 O-O-O 18. Nb3 1/2-1/2

[Event "Druzynowe Mistrzostwa Polski - II liga"]
[Site "Dom Wczasowy VIS Jastrzebia Gora"]
[Date "1899-12-30"]
[Round "1.50"]
[White "Wacior, Maciej"]
[Black "Reshetniak, Vitaliy"]
[Result "1/2-1/2"]
[WhiteTitle "k"]
[BlackTitle "I"]
[WhiteElo "2151"]
[BlackElo "2020"]

1. d4 Nf6 2. Nf3 e6 3. Bg5 c5 4. Bxf6 Qxf6 5. e3 b6 6. Nc3 cxd4 7. Nxd4 Bb4 8.
Ndb5 O-O 9. a3 Bxc3+ 10. Nxc3 d5 11. Be2 Ba6 12. O-O Bxe2 13. Qxe2 Nc6 14. e4
dxe4 15. Qxe4 Rac8 16. Rad1 Qe5 17. f4 Qxe4 18. Nxe4 Na5 19. c3 Nc4 20. Nd6 Nxd6
21. Rxd6 Rc7 22. Rfd1 h5 23. Kf2 Re8 24. Rd7 Rec8 25. Ke3 Kf8 26. R1d3 Ke8 27.
R7d4 Rc4 28. Rxc4 Rxc4 29. b3 Rc7 30. c4 Ke7 31. Rc3 Rd7 32. c5 b5 33. Rc1 Kd8
34. b4 Kc7 35. h3 Kc6 36. g4 hxg4 37. hxg4 a5 38. Rh1 f6 39. Rh2 Rd1 40. Rd2 Rxd2
41. Kxd2 axb4 42. axb4 Kd5 43. Ke3 Kc6 44. f5 e5 45. Ke4 Kd7 46. Kd5 Kc7 47. c6
e4 48. Kxe4 Kxc6 49. Kd4 Kd6 50. Ke4 1/2-1/2

[Event "Druzynowe Mistrzostwa Polski - II liga"]
[Site "Dom Wczasowy VIS Jastrzebia Gora"]
[Date "1899-12-30"]
[Round "1.53"]
[White "Grajczak, Adrian"]
[Black "Rogala, Milosz"]
[Result "1/2-1/2"]
[WhiteTitle "I++"]
[BlackTitle "I"]
[WhiteElo "1831"]
[BlackElo "1839"]

1. e4 e5 2. Nf3 Nc6 3. d4 exd4 4. Nxd4 Nf6 5. Nc3 Bb4 6. Nxc6 bxc6 7. Bd3 O-O 8.
O-O d5 9. exd5 cxd5 10. Bg5 c6 11. Qf3 Bd6 12. Rae1 h6 13. Bxf6 Qxf6 14. Qxf6
gxf6 15. Ne2 c5 16. b3 Be6 17. c3 a5 18. Bb5 Rab8 19. a4 Rfd8 20. f4 Bd7 21. c4
d4 22. Ng3 f5 23. Rf3 Be6 24. Nh5 Bc7 25. Rd1 Kh8 26. Nf6 Kg7 27. Nh5+ Kh8 28.
Nf6 Kg7 1/2-1/2

[Event "Druzynowe Mistrzostwa Polski - II liga"]
[Site "Dom Wczasowy VIS Jastrzebia Gora"]
[Date "1899-12-30"]
[Round "1.54"]
[White "Adamowicz, Katarzyna"]
[Black "Baginskaite, Kamile"]
[Result "0-1"]
[WhiteTitle "WFM"]
[BlackTitle "WGM"]
[WhiteElo "2088"]
[BlackElo "2125"]

1. e4 c5 2. Nf3 d6 3. d4 cxd4 4. Nxd4 Nf6 5. Nc3 a6 6. Bg5 e6 7. f4 Be7 8. Qf3
Qc7 9. Bd3 Nbd7 10. O-O-O h6 11. Bh4 g5 12. fxg5 Ne5 13. Qe2 Nfg4 14. Kb1 hxg5
15. Bg3 Bd7 16. h3 Nf6 17. Rhf1 O-O-O 18. Nb3 Be8 19. Bf2 Nfd7 20. Qe3 Nc6 21.
Nd5 exd5 22. exd5 Nce5 23. Bf5 Bf6 24. Qa7 Qb8 25. Qd4 Rh6 26. Qb4 Qc7 27. Bb6
Qc4 28. Qxd6 Bg7 29. Be6 fxe6 30. Na5 Nxb6 31. Nxc4 Nexc4 32. Qe7 Be5 33. dxe6
Bd6 0-1

[Event "Druzynowe Mistrzostwa Polski - II liga"]
[Site "Dom Wczasowy VIS Jastrzebia Gora"]
[Date "1899-12-30"]
[Round "1.55"]
[White "Lewtak, Damian"]
[Black "Majocha, Piotr"]
[Result "1-0"]
[WhiteTitle "IM"]
[BlackTitle "I++"]
[WhiteElo "2386"]
[BlackElo "1975"]

1. c4 Nf6 2. Nc3 d5 3. cxd5 Nxd5 4. g3 e5 5. Bg2 Nxc3 6. bxc3 Bc5 7. d3 O-O 8.
Nf3 Nc6 9. O-O Rb8 10. e3 Bb6 11. d4 Qf6 12. Nd2 Rd8 13. Bb2 Qg6 14. d5 Ne7 15.
c4 f6 16. Ba3 Qf7 17. c5 Ba5 18. Nb3 b6 19. Nxa5 bxa5 20. d6 cxd6 21. cxd6 Nf5
22. Qd2 Rb6 23. Bc5 Rb5 24. Rac1 Bb7 25. Bxb7 Qxb7 26. a4 Rb2 27. Qxa5 Rd7 28.
Qc3 Nxd6 29. Rcd1 1-0

[Event "Druzynowe Mistrzostwa Polski - II liga"]
[Site "Dom Wczasowy VIS Jastrzebia Gora"]
[Date "1899-12-30"]
[Round "1.57"]
[White "Cajbel, Maciej"]
[Black "Luba, Lukasz"]
[Result "1/2-1/2"]
[WhiteTitle "k"]
[BlackTitle "k"]
[WhiteElo "2196"]
[BlackElo "2095"]

1. c4 e5 2. g3 Nf6 3. Bg2 Bc5 4. Nc3 d6 5. e3 Qe7 6. Nge2 c6 7. O-O Bf5 8. d4 Bb6
9. d5 O-O 10. b3 Qd7 11. Ba3 c5 12. e4 Bg4 13. f3 Bh3 14. Qd3 Na6 15. Qe3 Rae8
16. Bb2 Re7 17. Nc1 h6 18. Na4 Bd8 19. Nd3 Rfe8 20. Nf2 Bxg2 21. Kxg2 b5 22. cxb5
Qxb5 23. Nc3 Qb7 24. Qe2 1/2-1/2

[Event "Druzynowe Mistrzostwa Polski - II liga"]
[Site "Dom Wczasowy VIS Jastrzebia Gora"]
[Date "1899-12-30"]
[Round "1.58"]
[White "Machlowski, Slawomir"]
[Black "Kasperek, Ryszard"]
[Result "1/2-1/2"]
[WhiteTitle "I+"]
[BlackTitle "m"]
[WhiteElo "2005"]
[BlackElo "2083"]

1. g3 c5 2. Bg2 Nc6 3. Nf3 g6 4. c4 Bg7 5. Nc3 e5 6. O-O Nge7 7. Ne1 d6 8. Nc2
O-O 9. Ne3 Rb8 10. d3 a6 11. a4 Nb4 12. Ned5 Nbxd5 13. Nxd5 Nxd5 14. Bxd5 Bh3
15. Re1 Qd7 16. a5 Be6 17. Bd2 Bxd5 18. cxd5 f5 19. e3 Qf7 20. Qf3 Qe7 21. Ra4
Rbe8 22. Bc3 e4 23. Qd1 Qf7 24. Bxg7 Kxg7 25. Qb3 Re5 26. d4 Rxd5 27. Qc3 cxd4
28. Rxd4 Rxd4 29. Qxd4+ Qf6 30. Qb4 Rf7 31. Rd1 Rd7 32. Rd5 h5 33. h4 Kf7 1/2-1/2